1960: The Year of Africa - Statistics

General Stats
  • This quiz has been taken 22 times
  • The average score is 13 of 17
Answer Stats
Countries % Correct
Niger
100%
Chad
95%
Benin
90%
Mali
90%
Togo
90%
Gabon
86%
Mauritania
86%
Senegal
86%
Cameroon
81%
Nigeria
81%
The Republic of the Congo
81%
Central African Republic
76%
Ivory Coast
76%
Burkina Faso
71%
Madagascar
62%
Somalia
43%
Democratic Republic of Congo
29%
No matching quizzes found
Score Distribution
Percent of People with Each Score
Percentile by Number Answered
Your Score History
You have not taken this quiz